Identify The Rare Animal - Statistics

General Stats
  • This quiz has been taken 99 times
  • The average score is 3 of 10
Answer Stats
Picture Answer % Correct
Red Wolf
54%
Vaquita
54%
Kakapo
49%
Amur Leopard
40%
Sumatran Rhinoceros
40%
Javan Rhinoceros
38%
Addax
24%
Saola
24%
Gobi Bear
15%
Philippine Crocodile
8%
No matching quizzes found
Score Distribution
Percent of People with Each Score
Percentile by Number Answered
Your Score History
You have not taken this quiz